| 000 | 00716nam a22002297a 4500 | ||
|---|---|---|---|
| 003 | OSt | ||
| 005 | 20151208223012.0 | ||
| 008 | 141216b xxu||||| |||| 00| 0 eng d | ||
| 020 | _a9780333679340 | ||
| 020 | _a0333679342 | ||
| 040 | _cDNLM | ||
| 082 | _aWA 540 B656u 2001 | ||
| 100 |
_aBooth Beverley _92254 |
||
| 245 |
_aUrban Health & Development: _bA practical Manual for use in Developing Countries / _cBeverley Booth, Kiran Martin, Ted Lankester |
||
| 260 |
_aChina: _bMacmillan; _c2001 |
||
| 300 |
_avi,378 p : _bill; _c28 cm. |
||
| 504 | _aIncludes bibliographical references and index | ||
| 650 |
_aUrban Health _92255 |
||
| 700 |
_aMartin Kiran _92256 |
||
| 700 |
_aLankester Ted _92257 |
||
| 942 |
_2z _cSLOAN |
||
| 999 |
_c833 _d833 |
||